000 00305nam a22001337a 4500
008 170905b xxu||||| |||| 00| 0 eng d
020 _a2900495095803
041 _aeng
080 _212 ED
_a070
100 _a40
101 _aMED
245 _aLOOKING OUT LOOKING IN
_cADLER.R.B
942 _2udc
_cBK
999 _c26202
_d26202